• 首页
  • 本馆介绍
  • 公告通知
  • 最新文献
  • 馆藏检索
  • 电子资源
  • 读者导购
  • 参考咨询
  • 我的图书馆
  • 登录
  • 详细信息显示
  • 放入我的书架
  • 预约/预借图书
  • 作者相关作品
  • 分类相关作品
  • 丛书相关作品
  • 出版社相关作品

书目信息

  • 表格格式
  • 工作单格式
  • 卡片格式
题名:
书法教程
    
 
作者: 邹志生 , 王惠中 编著
分册:  
出版信息: 武昌   华中科技大学出版社  2005
页数: 214页
开本: 29cm
丛书名:
单 册:
中图分类: J292.1
科图分类:
主题词: 汉字--书法--高等学校--教材 , 汉字 , 书法
电子资源:
ISBN: 7-5609-3471-4
000 00881nam0 2200277 450
001 012007472772
005 20070704164431.60
010    @a7-5609-3471-4@dCNY22.50
100    @a20070526d2005 km y0chiy0120 ea
101 0  @achi
102    @aCN@b420000
105    @ah z 000yy
106    @ar
200 1  @a书法教程@Ashu fa jiao cheng@f邹志生,王惠中编著@Fzou zhi sheng,wang hui zhong bian zhu
210    @a武昌@c华中科技大学出版社@d2005
215    @a214页@c摹真@d29cm
300    @a21世纪素质教育系列教材
330    @a本书共10章内容,包括:概述、书体简介、“文房四宝”简介、临帖方法、笔法、楷书、隶书、创作与创新、书法欣赏。
606 0  @a汉字@x书法@x高等学校@j教材
606 0  @a汉字
606 0  @a书法
690    @aJ292.1@v4
701  0 @a邹志生@Azou zhi sheng@4编著
701  0 @a王惠中@Awang hui zhong@4编著
801  0 @aCN@bRULIN@c20070704
905    @dJ292.1@e454@s8
    
    书法教程/邹志生,王惠中编著.-武昌:华中科技大学出版社,2005
    214页:摹真;29cm
    21世纪素质教育系列教材
    
    ISBN 7-5609-3471-4:CNY22.50
    本书共10章内容,包括:概述、书体简介、“文房四宝”简介、临帖方法、笔法、楷书、隶书、创作与创新、书法欣赏。
●
相关链接 在E读中查询图书 在五车中查询图书 在当当中查询图书 在豆瓣中查询图书


正题名:书法教程     索取号:J292.1/454         预约/预借

序号 登录号 条形码 馆藏地/架位号 状态 备注
1 0581361   205813618   第一样本阅览室/ [索取号:J292.1/454] 在馆    
2 0581362   205813627   第一借阅区/ [索取号:J292.1/454] 在馆    
3 0581363   205813636   第一借阅区/ [索取号:J292.1/454] 在馆    
4 0581364   205813645   第一借阅区/ [索取号:J292.1/454] 在馆    
5 0581365   205813654   第一借阅区/ [索取号:J292.1/454] 在馆    
6 0581366   205813663   第一借阅区/ [索取号:J292.1/454] 在馆    
7 0581367   205813672   第一借阅区/ [索取号:J292.1/454] 在馆    
8 0581368   205813681   第一借阅区/ [索取号:J292.1/454] 在馆    
唐山师范学院图书馆 欢迎您!
大连网信软件有限公司© 版权所有